LEADER 02386oam 2200637 450 001 9910716889903321 005 20210916102554.0 035 $a(CKB)5470000002525283 035 $a(OCoLC)681275827$z(OCoLC)624456530$z(OCoLC)667898462$z(OCoLC)985367123 035 $a(OCoLC)995470000002525283 035 $a(EXLCZ)995470000002525283 100 $a20101113d1998 ua 0 101 0 $aeng 135 $aurbn||||||||| 181 $ctxt$2rdacontent 182 $cc$2rdamedia 183 $acr$2rdacarrier 200 10$aApplication of nonlinear-regression methods to a ground-water flow model of the Albuquerque Basin, New Mexico /$fby Claire R. Tiedeman, John Michael Kernodle, and Douglas P. McAda 210 1$aMenlo Park, California :$cU.S. Geological Survey,$d1998. 215 $a1 online resource (vi, 90 pages) $cillustrations, maps 225 1 $aWater-resources investigations report ;$v98-4172 320 $aIncludes bibliographical references (pages 83-85). 517 3 $aGround-water flow model of the Albuquerque Basin, New Mexico 606 $aGroundwater flow$zNew Mexico$zAlbuquerque Basin$xMathematical models 606 $aWater table$zNew Mexico$zAlbuquerque Basin$xMathematical models 606 $aRegression analysis 606 $aGroundwater flow$xMathematical models$2fast 606 $aLeast squares$2fast 606 $aRegression analysis$2fast 606 $aWater table$xMathematical models$2fast 607 $aNew Mexico$zAlbuquerque Basin$2fast 615 0$aGroundwater flow$xMathematical models. 615 0$aWater table$xMathematical models. 615 0$aRegression analysis. 615 7$aGroundwater flow$xMathematical models. 615 7$aLeast squares. 615 7$aRegression analysis. 615 7$aWater table$xMathematical models. 700 $aTiedeman$b Claire R.$01390229 702 $aKernodle$b John Michael 702 $aMcAda$b Douglas P. 712 02$aGeological Survey (U.S.), 801 0$bOCLCE 801 1$bOCLCE 801 2$bOCLCQ 801 2$bOCLCF 801 2$bOCLCO 801 2$bOCLCQ 801 2$bOCLCO 801 2$bCOP 801 2$bOCLCQ 801 2$bGPO 906 $aBOOK 912 $a9910716889903321 996 $aApplication of nonlinear-regression methods to a ground-water flow model of the Albuquerque Basin, New Mexico$93442818 997 $aUNINA LEADER 01918oam 2200553 450 001 9910711343603321 005 20181203112457.0 035 $a(CKB)5470000002482596 035 $a(OCoLC)961366806 035 $a(OCoLC)995470000002482596 035 $a(EXLCZ)995470000002482596 100 $a20161028d1964 ua 0 101 0 $aeng 135 $aur||||||||||| 181 $ctxt$2rdacontent 182 $cc$2rdamedia 183 $acr$2rdacarrier 200 10$aMagnitude and frequency of floods in the United States$hPart 3-B$iCumberland and Tennessee River basins /$fby Paul R. Speer and Charles R. Gamble 210 1$a[Washington, D.C.] :$cUnited States Department of the Interior, Geological Survey,$d1964. 210 2$aWashington :$cUnited States Government Printing Office. 215 $a1 online resource (xii, 340 pages, 2 pages of plates) $cillustration, map 225 1 $aGeological Survey water-supply paper ;$v1676 320 $aIncludes bibliographical references (pages 332-333) and index. 606 $aFloods$zCumberland River Watershed (Ky. and Tenn.) 606 $aFloods$zTennessee River Watershed 606 $aStream measurements 606 $aFloods$2fast 606 $aStream measurements$2fast 607 $aUnited States$zCumberland River Watershed$2fast 607 $aUnited States$zTennessee River Watershed$2fast 615 0$aFloods 615 0$aFloods 615 0$aStream measurements. 615 7$aFloods. 615 7$aStream measurements. 700 $aSpeer$b Paul R.$01407079 702 $aGamble$b Charles R. 712 02$aGeological Survey (U.S.), 801 0$bCOP 801 1$bCOP 801 2$bOCLCO 801 2$bOCLCF 801 2$bGPO 801 2$bMERUC 801 2$bGPO 906 $aBOOK 912 $a9910711343603321 996 $aMagnitude and frequency of floods in the United States$93499579 997 $aUNINA LEADER 01145nam0 22002771i 450 001 UON00304453 005 20231205104024.753 100 $a20071119d1969 |0itac50 ba 101 $aspa 102 $aCU 105 $a|||| ||||| 200 1 $aAlgo para la palides y Una ventana sobre el regreso$fGustavo Eguren 210 $aS.l.$cUNEAC$dImpr. 1969 215 $a142 p.$d21 cm 316 $adono prof. Riccio$5IT-UONSI Isp.ACu860 a/051 410 1$1001UON00173757$12001 $a Contemporáneos$1210 $aLa Habana$cEdiciones Unión 517 1$3UON00377332$aˆUna ‰ventana sobre el regreso 676 $aCu863$cLetteratura cubana. Narrativa$v21 700 1$aEGUREN$bGustavo$3UONV167218$0694011 712 $aUNEAC$3UONV273996$4650 801 $aIT$bSOL$c20240220$gRICA 899 $aSIBA - SISTEMA BIBLIOTECARIO DI ATENEO$2UONSI 912 $aUON00304453 950 $aSIBA - SISTEMA BIBLIOTECARIO DI ATENEO$dSI Isp.A Cu 860 a 051 $eSI DA 1732 5 051 dono prof. Riccio$sBuono 996 $aAlgo para la palides y Una ventana sobre el regreso$91377482 997 $aUNIOR